Construction industry still suffering from skills shortage despite the recession (Record no. 81606)

MARC details
000 -LEADER
fixed length control field 01097cad a22002055a 4500
001 - CONTROL NUMBER
control field E147670
008 - FIXED-LENGTH DATA ELEMENTS--GENERAL INFORMATION
fixed length control field 090604e20090528xxk 000 0 eng d
035 ## - SYSTEM CONTROL NUMBER
System control number (Sirsi) u147670
041 0# - LANGUAGE CODE
Language code of text/sound track or separate title eng
110 2# - MAIN ENTRY--CORPORATE NAME
Corporate name or jurisdiction name as entry element Chartered Institute of Building
9 (RLIN) 2134
245 00 - TITLE STATEMENT
Title Construction industry still suffering from skills shortage despite the recession
Medium [electronic resource]
260 ## - PUBLICATION, DISTRIBUTION, ETC.
Date of publication, distribution, etc. 2009
490 ## - SERIES STATEMENT
Series statement CIOB News Release
Volume/sequential designation 28 May 2009
520 ## - SUMMARY, ETC.
Summary, etc. Reports the results of the CIOB's third annual skills survey, which suggests that 77% of those surveyed think there is a skills shortage in the construction industry, with 76% stating that apprenticeships should be compusory on public projects. There was also concern at the number of students entering the industry, with respondents feeling that this could further impact on skills shortages in the next few years.
590 ## - LOCAL NOTE (RLIN)
Local note KA NTK
651 #4 - SUBJECT ADDED ENTRY--GEOGRAPHIC NAME
Geographic name United Kingdom
Chronological subdivision
690 ## - LOCAL SUBJECT ADDED ENTRY--TOPICAL TERM (OCLC, RLIN)
Topical term or geographic name as entry element BUILT ENVIRONMENT-CONSTRUCTION MARKET
856 40 - ELECTRONIC LOCATION AND ACCESS
Uniform Resource Identifier <a href="https://www.ciob.org.uk/news/view/2085">https://www.ciob.org.uk/news/view/2085</a>
Public note View the news release free of charge at www.ciob.org.uk...
942 ## - ADDED ENTRY ELEMENTS (KOHA)
Suppress in OPAC 0
Holdings
Withdrawn status Lost status Source of classification or shelving scheme Damaged status Not for loan Home library Current library Shelving location Date acquired Total Checkouts Full call number Barcode Date last seen Copy number Price effective from Koha item type
    Dewey Decimal Classification     Virtual Virtual Online 04/06/2009   ONLINE PUBLICATION 147670-2001 06/08/2019 1 06/08/2019 Journal article